Top 10 Subscribed YouTubers by Year (2007 - 2018) - Statistics

General Stats
  • This quiz has been taken 68 times
  • The average score is 4 of 44
Answer Stats
Years in top 10 Channel % Correct
2012-2018 PewDiePie
89%
2017-2018 T-Series
74%
2007-2017 Smosh
50%
2007-2016 nigahiga
31%
2009-2014 RayWilliamJohnson
20%
2008-2011 Fred
19%
2018 Cocomelon
15%
2009-2012 Shane Dawson
15%
2017-2018 Dude Perfect
13%
2013-2018 HolaSoyGerman
11%
2012-2015 JennaMarbles
11%
2018 5-Minute Crafts
9%
2010-2011 realannoyingorange
9%
2007-2009 kevjumba
6%
2007 lonelygirl15
6%
2013 SkyDoesMinecraft
6%
2010-2012 collegehumor
4%
2008-2009 sxephil
4%
2017-2018 whinderssonnunes
4%
2013-2014 EpicRapBattles
2%
2016-2017 Fernanfloo
2%
2016-2018 JuegaGerman
2%
2008-2015 Machinima
2%
2007 Mia Rose
2%
2010-2011 MysteryGuitarMan
2%
2008 RealDemiLovato
2%
2009-2010 Shane Dawson 2
2%
2014-2015 TheFineBros
2%
2015-2016 VanossGaming
2%
2007 William Sledd
2%
2018 Badabun
0%
2009 Dave Days
0%
2013-2017 Ellen Degeneres
0%
2015-2018 elrubiusOMG
0%
2007 esmeedenters
0%
2012 FPSRussia
0%
2011-2012 freddiew
0%
2007 HappySlip
0%
2007 JamesNintendoNerd
0%
2007 LisaNova
0%
2008 mileymandy
0%
2008 VenetianPrincess
0%
2008 What the Buck Show
0%
2016 Yuya
0%
No matching quizzes found
Score Distribution
Percent of People with Each Score
Percentile by Number Answered
Your Score History
You have not taken this quiz